Name Every Witch Hat Atelier Character - Statistics

General Stats
  • This quiz has been taken 3 times
  • The average score is 17 of 42
Answer Stats
Answer % Correct
Agott Arklaum
100%
Coco
100%
Qifrey
100%
Tetia
100%
Olruggio
67%
Richeh
67%
Adina Arklaum
33%
Alaira
33%
Atwert
33%
Beldaruit
33%
Brushbuddy
33%
Coco's Mother
33%
Custas
33%
Dagda
33%
Deanreldy Ezrest
33%
Easthies
33%
Ekoh
33%
Engendale
33%
Eoleo Ezrest
33%
Ermile
33%
Etlan
33%
Euini
33%
Galga
33%
Hiehart
33%
Iguin
33%
Ininia
33%
Jujy
33%
Kukrow
33%
Lady Miia
33%
Lagrah
33%
Lord Cladd
33%
Loroga Roenton
33%
Luluci
33%
Nolnoa
33%
Restys
33%
Riliphin
33%
Sasaran
33%
Sinocia
33%
Tartah
33%
Utowin
33%
Vinanna
33%
Zayamaiya Ezrest
33%
No matching quizzes found
Score Distribution
Percent of People with Each Score
Percentile by Number Answered
Your Score History
You have not taken this quiz